[Event "23rd ETCC Women 2021"]
[Site "Catez"]
[Date "2021.11.15"]
[Round "4.60"]
[White "Hercog, Nusa"]
[Black "Mayrhuber, Nikola"]
[Result "0-1"]
[WhiteElo "1983"]
[BlackElo "2091"]
[Annotator "NA"]
[PlyCount "78"]
[EventDate "2021.11.08"]
[EventType "team-tourn"]
[EventCountry "SLO"]
[SourceTitle "playchess.com"]
[Source "ChessBase"]
[SourceQuality "1"]
[WhiteTeam "Slovenia"]
[BlackTeam "Austria"]
[WhiteTeamCountry "SLO"]
[BlackTeamCountry "AUT"]
[TimeControl "40/5400+30:1800+30"]

1. d4 {[%emt 0:00:03]} e6 {[%emt 0:00:07]} 2. c4 {[%emt 0:00:06]} Nf6 {[%emt 0:
00:04]} 3. Nf3 {[%emt 0:00:09]} Bb4+ {[%emt 0:00:25]} 4. Nbd2 {[%emt 0:00:32]}
b6 {[%emt 0:00:19]} 5. a3 {[%emt 0:00:47]} Bxd2+ {[%emt 0:00:10]} 6. Qxd2 {
[%emt 0:00:11]} Bb7 {[%emt 0:00:15]} 7. e3 {[%emt 0:00:13]} a5 {[%emt 0:00:28]}
8. b3 {[%emt 0:01:53]} O-O {[%emt 0:00:21]} 9. Be2 {[%emt 0:04:01]} d6 {
[%emt 0:00:29]} 10. O-O {[%emt 0:00:54]} Nbd7 {[%emt 0:00:11]} 11. Bb2 {
[%emt 0:00:40]} Qe7 {[%emt 0:00:28]} 12. Rfd1 {[%emt 0:04:06]} Ne4 {[%emt 0:01:
19]} 13. Qc2 {[%emt 0:03:24]} f5 {[%emt 0:00:19]} 14. Bd3 {[%emt 0:09:43]} Ng5
{[%emt 0:27:57]} 15. Nxg5 {[%emt 0:13:48]} Qxg5 {[%emt 0:00:07]} 16. e4 {
[%emt 0:00:32]} Rf6 {[%emt 0:12:37]} 17. Bc1 {[%emt 0:09:31]} f4 {[%emt 0:03:
47]} 18. f3 {[%emt 0:00:50]} Rh6 {[%emt 0:07:49]} 19. Qf2 {[%emt 0:03:44]} Rf8
{[%emt 0:03:42]} 20. Kh1 {[%emt 0:09:16]} Qh5 {[%emt 0:03:33]} 21. h3 {[%emt 0:
01:51]} e5 {[%emt 0:03:42]} 22. Bb2 {[%emt 0:06:25]} Bc8 {[%emt 0:02:23]} 23.
Kg1 {[%emt 0:11:15]} Rg6 {[%emt 0:02:45]} 24. Kf1 {[%emt 0:02:05]} Rg3 {
[%emt 0:07:04]} 25. Ke2 {[%emt 0:02:49]} Qg5 {[%emt 0:01:01]} 26. Rg1 {[%emt 0:
00:25]} exd4 {[%emt 0:02:14]} 27. Bxd4 {[%emt 0:00:06]} Ne5 {[%emt 0:00:57]}
28. Bc2 {[%emt 0:03:06]} a4 {[%emt 0:07:33]} 29. Rad1 {[%emt 0:01:43]} axb3 {
[%emt 0:03:41]} 30. Bxb3 {[%emt 0:00:06]} Kh8 {[%emt 0:00:28]} 31. Bxe5 {
[%emt 0:02:48]} Qxe5 {[%emt 0:00:19]} 32. Kf1 {[%emt 0:04:51]} Qc3 {[%emt 0:03:
18]} 33. Qc2 {[%emt 0:01:26]} Rxf3+ {[%emt 0:02:59]} 34. gxf3 {[%emt 0:00:19]}
Bxh3+ {[%emt 0:00:23]} 35. Rg2 {[%emt 0:00:40]} Qxf3+ {[%emt 0:00:22]} 36. Kg1
{[%emt 0:03:08]} Bxg2 {[%emt 0:00:20]} 37. Re1 {[%emt 0:01:00]} Bh3 {[%emt 0:
01:16]} 38. Re2 {[%emt 0:00:31]} Qg3+ {[%emt 0:01:41]} 39. Kh1 {[%emt 0:00:02]}
f3 {[%emt 0:00:57]} 0-1

[Event "23rd ETCC Women 2021"]
[Site "Catez"]
[Date "2021.11.16"]
[Round "5.1"]
[White "Lagno, Kateryna"]
[Black "Brunello, Marina"]
[Result "1-0"]
[WhiteElo "2550"]
[BlackElo "2359"]
[Annotator "ChessBase"]
[PlyCount "101"]
[EventDate "2021.11.08"]
[EventType "team-tourn"]
[EventCountry "SLO"]
[SourceTitle "playchess.com"]
[Source "ChessBase"]
[SourceQuality "1"]
[WhiteTeam "Russia"]
[BlackTeam "Italy"]
[WhiteTeamCountry "RUS"]
[BlackTeamCountry "ITA"]
[TimeControl "40/5400+30:1800+30"]

1. e4 {[%emt 0:00:03]} c5 {[%emt 0:00:06]} 2. Nf3 {[%emt 0:00:10]} d6 {[%emt 0:
00:06]} 3. d4 {[%emt 0:00:05]} cxd4 {[%emt 0:00:07]} 4. Nxd4 {[%emt 0:00:05]}
Nf6 {[%emt 0:00:06]} 5. Nc3 {[%emt 0:00:04]} a6 {[%emt 0:00:02]} 6. Be2 {
[%emt 0:00:11]} e5 {[%emt 0:00:28]} 7. Nb3 {[%emt 0:00:09]} Be7 {[%emt 0:00:13]
} 8. O-O {[%emt 0:00:21]} O-O {[%emt 0:00:25]} 9. Qd3 {[%emt 0:00:10]} Be6 {
[%emt 0:13:24]} 10. Bd2 {[%emt 0:00:15]} Nbd7 {[%emt 0:03:00]} 11. Nd5 {
[%emt 0:00:17]} Bxd5 {[%emt 0:00:26]} 12. exd5 {[%emt 0:00:05]} a5 {[%emt 0:02:
17]} 13. a4 {[%emt 0:01:56]} Qc7 {[%emt 0:02:38]} 14. Rac1 {[%emt 0:05:28]}
Rfe8 {[%emt 0:06:17]} 15. Rfd1 {[%emt 0:04:55]} Bf8 {[%emt 0:02:58]} 16. Be1 {
[%emt 0:11:32]} Qd8 {[%emt 0:06:41]} 17. Qh3 {[%emt 0:01:44]} g6 {[%emt 0:04:
00]} 18. Bb5 {[%emt 0:00:39]} Re7 {[%emt 0:00:05]} 19. Qh4 {[%emt 0:17:03]} Bg7
{[%emt 0:03:08]} 20. Bd2 {[%emt 0:05:09]} e4 {[%emt 0:06:20]} 21. h3 {[%emt 0:
12:30]} Re5 {[%emt 0:14:13]} 22. Bf4 {[%emt 0:03:07]} Rh5 {[%emt 0:01:09]} 23.
Qg3 {[%emt 0:00:07]} Ne5 {[%emt 0:00:04]} 24. Be2 {[%emt 0:09:44]} Rf5 {
[%emt 0:08:40]} 25. Qe3 {[%emt 0:00:35]} h5 {[%emt 0:02:07]} 26. c4 {[%emt 0:
02:05]} Kh7 {[%emt 0:01:01]} 27. Rc3 {[%emt 0:02:02]} Qe7 {[%emt 0:10:32]} 28.
Nd4 {[%emt 0:00:52]} Rxf4 {[%emt 0:00:03]} 29. Qxf4 {[%emt 0:00:03]} Bh6 {
[%emt 0:00:16]} 30. Qh4 {[%emt 0:06:25]} Ned7 {[%emt 0:03:40]} 31. Nb3 {
[%emt 0:10:41]} Qe5 {[%emt 0:00:56]} 32. f3 {[%emt 0:00:59]} Bf4 {[%emt 0:01:
19]} 33. fxe4 {[%emt 0:05:01]} Nxe4 {[%emt 0:01:24]} 34. Rf3 {[%emt 0:00:35]}
Bh2+ {[%emt 0:03:05]} 35. Kh1 {[%emt 0:00:08]} f5 {[%emt 0:01:56]} 36. Rdd3 {
[%emt 0:00:11]} Ndf6 {[%emt 0:00:38]} 37. Nd4 {[%emt 0:00:28]} Re8 {[%emt 0:01:
27]} 38. Ne6 {[%emt 0:00:11]} Kh6 {[%emt 0:00:58]} 39. Rde3 {[%emt 0:01:02]} f4
{[%emt 0:01:48]} 40. Rxe4 {[%emt 0:00:37]} Nxe4 {[%emt 0:00:40]} 41. Kxh2 {
[%emt 0:30:55]} Ng3 {[%emt 0:02:16]} 42. Qxf4+ {[%emt 0:00:00]} Qxf4 {[%emt 0:
01:15]} 43. Rxf4 {[%emt 0:00:00]} Nxe2 {[%emt 0:00:05]} 44. Re4 {[%emt 0:00:00]
} Nc1 {[%emt 0:00:17]} 45. c5 {[%emt 0:00:00]} Re7 {[%emt 0:02:09]} 46. c6 {
[%emt 0:00:00]} bxc6 {[%emt 0:00:20]} 47. dxc6 {[%emt 0:00:00]} d5 {[%emt 0:03:
38]} 48. Re3 {[%emt 0:00:00]} d4 {[%emt 0:00:04]} 49. Re4 {[%emt 0:00:00]} d3 {
[%emt 0:01:34]} 50. c7 {[%emt 0:00:00]} Re8 {[%emt 0:00:05]} 51. Rd4 {[%emt 0:
00:00]} 1-0

[Event "23rd ETCC Women 2021"]
[Site "Catez"]
[Date "2021.11.17"]
[Round "5.2"]
[White "Zimina, Olga"]
[Black "Gunina, Valentina"]
[Result "1-0"]
[WhiteElo "2339"]
[BlackElo "2480"]
[Annotator "ChessBase"]
[PlyCount "129"]
[EventDate "2021.11.08"]
[EventType "team-tourn"]
[EventCountry "SLO"]
[SourceTitle "playchess.com"]
[Source "ChessBase"]
[SourceQuality "1"]
[WhiteTeam "Italy"]
[BlackTeam "Russia"]
[WhiteTeamCountry "ITA"]
[BlackTeamCountry "RUS"]
[TimeControl "40/5400+30:1800+30"]

1. e4 {[%emt 0:00:05]} c6 {[%emt 0:00:08]} 2. Nc3 {[%emt 0:00:06]} d5 {[%emt 0:
00:15]} 3. Nf3 {[%emt 0:00:05]} dxe4 {[%emt 0:00:24]} 4. Nxe4 {[%emt 0:00:06]}
Nf6 {[%emt 0:00:03]} 5. Qe2 {[%emt 0:00:05]} Nxe4 {[%emt 0:00:08]} 6. Qxe4 {
[%emt 0:00:05]} Nd7 {[%emt 0:00:06]} 7. Bc4 {[%emt 0:00:05]} Nf6 {[%emt 0:00:
08]} 8. Ne5 {[%emt 0:00:05]} e6 {[%emt 0:00:08]} 9. Qe2 {[%emt 0:00:05]} b5 {
[%emt 0:00:19]} 10. Bd3 {[%emt 0:00:05]} Qc7 {[%emt 0:00:32]} 11. b3 {[%emt 0:
00:05]} Bd6 {[%emt 0:00:29]} 12. Bb2 {[%emt 0:00:14]} Nd5 {[%emt 0:00:10]} 13.
O-O {[%emt 0:07:21]} O-O {[%emt 0:14:58]} 14. Qh5 {[%emt 0:19:34]} g6 {[%emt 0:
07:10]} 15. Ng4 {[%emt 0:14:52]} e5 {[%emt 0:00:45]} 16. Qh4 {[%emt 0:00:36]}
Bxg4 {[%emt 0:02:57]} 17. Qxg4 {[%emt 0:01:50]} f5 {[%emt 0:00:52]} 18. Qh4 {
[%emt 0:00:43]} Rae8 {[%emt 0:11:52]} 19. a4 {[%emt 0:08:32]} a6 {[%emt 0:05:
08]} 20. axb5 {[%emt 0:00:24]} axb5 {[%emt 0:00:05]} 21. c4 {[%emt 0:07:36]}
Be7 {[%emt 0:30:52]} 22. Qg3 {[%emt 0:04:20]} Nf4 {[%emt 0:00:10]} 23. cxb5 {
[%emt 0:00:27]} cxb5 {[%emt 0:00:04]} 24. Bxb5 {[%emt 0:09:16]} Rb8 {[%emt 0:
01:02]} 25. Ba6 {[%emt 0:03:53]} Bf6 {[%emt 0:08:08]} 26. Qc3 {[%emt 0:05:12]}
Qd6 {[%emt 0:03:30]} 27. Bc4+ {[%emt 0:01:17]} Kh8 {[%emt 0:00:14]} 28. Ra6 {
[%emt 0:00:17]} Rb6 {[%emt 0:04:00]} 29. Rxb6 {[%emt 0:05:49]} Qxb6 {[%emt 0:
00:04]} 30. Ra1 {[%emt 0:01:23]} Qb7 {[%emt 0:03:34]} 31. Qf3 {[%emt 0:02:47]}
Qb8 {[%emt 0:05:55]} 32. Qc6 {[%emt 0:03:15]} Bg7 {[%emt 0:00:50]} 33. Bc3 {
[%emt 0:01:45]} Rc8 {[%emt 0:00:42]} 34. Qd7 {[%emt 0:00:58]} Rd8 {[%emt 0:00:
37]} 35. Qe7 {[%emt 0:00:22]} Re8 {[%emt 0:00:35]} 36. Qf7 {[%emt 0:00:34]} Rf8
{[%emt 0:00:35]} 37. Qa7 {[%emt 0:00:09]} Qd8 {[%emt 0:00:48]} 38. Qb7 {
[%emt 0:01:04]} h5 {[%emt 0:00:39]} 39. Ra7 {[%emt 0:02:16]} Qf6 {[%emt 0:00:
13]} 40. Qxg7+ {[%emt 0:00:44]} Qxg7 {[%emt 0:00:02]} 41. Rxg7 {[%emt 0:30:07]}
Kxg7 {[%emt 0:01:52]} 42. Bxe5+ {[%emt 0:00:00]} Kh6 {[%emt 0:00:09]} 43. Bxf4+
{[%emt 0:00:00]} g5 {[%emt 0:00:04]} 44. Be5 {[%emt 0:00:00]} Rd8 {[%emt 0:01:
48]} 45. h4 {[%emt 0:00:00]} Rxd2 {[%emt 0:01:48]} 46. hxg5+ {[%emt 0:00:00]}
Kxg5 {[%emt 0:00:11]} 47. g3 {[%emt 0:00:00]} Kg4 {[%emt 0:01:08]} 48. Kg2 {
[%emt 0:00:00]} h4 {[%emt 0:03:05]} 49. gxh4 {[%emt 0:00:00]} Rc2 {[%emt 0:03:
10]} 50. Bf6 {[%emt 0:00:00]} Rd2 {[%emt 0:01:46]} 51. Bg5 {[%emt 0:00:00]} Rc2
{[%emt 0:01:27]} 52. Bd5 {[%emt 0:00:00]} Kh5 {[%emt 0:04:13]} 53. Bf7+ {
[%emt 0:00:00]} Kg4 {[%emt 0:00:07]} 54. b4 {[%emt 0:00:00]} Rb2 {[%emt 0:01:
26]} 55. b5 {[%emt 0:00:00]} f4 {[%emt 0:02:10]} 56. Be6+ {[%emt 0:00:00]} Kh5
{[%emt 0:00:03]} 57. Bd7 {[%emt 0:00:00]} Rd2 {[%emt 0:00:33]} 58. Bc6 {
[%emt 0:00:00]} Rb2 {[%emt 0:02:07]} 59. Kf3 {[%emt 0:00:00]} Kg6 {[%emt 0:00:
21]} 60. Bxf4 {[%emt 0:00:00]} Kh5 {[%emt 0:00:23]} 61. Be3 {[%emt 0:00:00]}
Rc2 {[%emt 0:01:23]} 62. Be4 {[%emt 0:00:00]} Rb2 {[%emt 0:00:35]} 63. b6 {
[%emt 0:00:00]} Rb3 {[%emt 0:00:19]} 64. b7 {[%emt 0:00:00]} Kxh4 {[%emt 0:00:
21]} 65. Kg2 {[%emt 0:00:00]} 1-0

[Event "23rd ETCC Women 2021"]
[Site "Catez"]
[Date "2021.11.17"]
[Round "5.3"]
[White "Shuvalova, Polina"]
[Black "Sedina, Elena"]
[Result "1-0"]
[WhiteElo "2515"]
[BlackElo "2263"]
[Annotator "TA"]
[PlyCount "143"]
[EventDate "2021.11.08"]
[EventType "team-tourn"]
[EventCountry "SLO"]
[SourceTitle "playchess.com"]
[Source "ChessBase"]
[SourceQuality "1"]
[WhiteTeam "Russia"]
[BlackTeam "Italy"]
[WhiteTeamCountry "RUS"]
[BlackTeamCountry "ITA"]

{[%evp 14,143,21,12,33,18,25,25,25,30,16,0,15,0,35,38,20,32,58,58,58,58,58,58,
66,60,66,66,59,67,72,40,45,47,63,55,88,88,89,85,90,50,72,78,82,60,68,62,47,27,
35,39,33,35,116,108,100,104,107,112,102,97,90,88,94,72,145,91,88,0,156,81,110,
72,74,65,82,47,58,48,46,56,85,44,80,56,40,0,83,43,75,56,100,93,81,79,133,129,
163,137,132,136,129,120,179,133,258,245,222,203,334,322,352,359,412,412,412,
402,387,364,2452,2401,2401,1888,29966,29969,29975,29975,29966,5240,5233,5206]} 
1. e4 e6 2. d4 d5 3. Nc3 Nf6 4. Bg5 dxe4 5. Nxe4 Nbd7 6. Nf3 h6 7. Nxf6+ Nxf6
8. Be3 Bd6 {C10: French with 3 Nc3: Unusual Black 3rd moves and 3...dxe4.} 9.
Bd3 O-O 10. Qe2 {10.c4 is setting a new trend.} b6 {White has an edge.} 11.
O-O-O Bb7 12. Ne5 c5 13. Nc4 Nd5 ({Wrong is} 13... Bxg2 $2 14. Rhg1 $18) 14.
Nxd6 Qxd6 15. dxc5 bxc5 16. c4 $1 {[%cal Rc4d5]} Nf4 {[%mdl 64] [#] Double
Attack} 17. Bh7+ $1 {[%mdl 64] Discovered Attack} Kh8 18. Qg4 Qc6 19. Qxf4 Kxh7
20. f3 Rad8 {[#]} 21. b3 $146 ({Predecessor:} 21. Rxd8 Rxd8 22. Qxf7 Rd7 23.
Qf4 Qa4 24. a3 Qb3 25. Kb1 g5 26. Qe5 Qxc4 27. Qxc5 Qxc5 28. Bxc5 {1/2-1/2 (52)
Sulskis,S (2567)-Kotsur,P (2552) Nakhchivan 2013}) 21... f6 $1 22. Bf2 (22.
Rxd8 {seems wilder.} Rxd8 23. Rd1 Rxd1+ 24. Kxd1 e5 25. Qf5+) 22... e5 23. Qe3
Rd4 24. Qe2 Rd6 25. Rxd6 Qxd6 26. Rd1 Qc7 27. Be3 f5 28. Qf2 Rc8 29. Kb2 Kh8
30. f4 Qe7 31. Re1 Be4 32. Bd2 exf4 33. Qxf4 Rd8 (33... Re8 $14) 34. Bc3 $16
Qd6 35. Qxd6 Rxd6 {[%mdl 4096] Endgame KRB-KRB} 36. g4 $1 Rg6 37. gxf5 Rg2+ 38.
Ka3 Bxf5 39. h4 Rg3 {[#]} ({Black should try} 39... Kh7) 40. Bb2 (40. Re5 $142
$1) 40... Rg6 {[%cal Rg6a6]} 41. Bc3 (41. Bc1 $142) 41... Rg3 $1 {[%cal Rg3c3]}
42. Re8+ Kh7 43. Be5 Rg2 44. Re7 a6 45. Bb2 Rg4 46. Ra7 Bb1 47. Rc7 Be4 48. Rd7
Bc2 49. Bc3 Bb1 50. Bb2 Bc2 51. Rd2 Be4 52. Rh2 $1 Kg6 53. Ka4 Kh5 54. Be5 g6 (
{Black should play} 54... Rxh4 55. Rxh4+ Kxh4 56. Bxg7 Bb1) 55. Bf6 $1 Rf4 56.
Be7 Kg4 57. Bxc5 Rf5 58. Be7 g5 (58... Bc6+ $16 59. Kb4 Re5) 59. hxg5 {aiming
for g6.} hxg5 {[#]} (59... Bc6+ $16 {might work better.} 60. Kb4 a5+ 61. Kc3
hxg5) 60. c5 $1 $18 Kf3 61. Rh5 Kf4 (61... Kg4 {is a better defense.} 62. Rh2
Kf3 63. Rh3+ Kg4) 62. Ka5 Bd3 63. Kb6 Rf7 64. Bd6+ Kg4 65. Rh8 Rf6 66. Rd8 Kf3
$2 (66... Rf2 67. a3 Be4) 67. Rf8 Rxf8 68. Bxf8 g4 69. c6 g3 70. c7 g2 {[#]}
71. Bc5 $1 Bf5 72. Kxa6 {Weighted Error Value: White=0.10/Black=0.13} 1-0

[Event "23rd ETCC Women 2021"]
[Site "Catez"]
[Date "2021.11.16"]
[Round "5.4"]
[White "Gueci, Tea"]
[Black "Kashlinskaya, Alina"]
[Result "1/2-1/2"]
[WhiteElo "2242"]
[BlackElo "2482"]
[Annotator "ChessBase"]
[PlyCount "81"]
[EventDate "2021.11.08"]
[EventType "team-tourn"]
[EventCountry "SLO"]
[SourceTitle "playchess.com"]
[Source "ChessBase"]
[SourceQuality "1"]
[WhiteTeam "Italy"]
[BlackTeam "Russia"]
[WhiteTeamCountry "ITA"]
[BlackTeamCountry "RUS"]
[TimeControl "40/5400+30:1800+30"]

1. e4 {[%emt 0:00:03]} e6 {[%emt 0:00:05]} 2. d4 {[%emt 0:00:03]} d5 {[%emt 0:
00:07]} 3. Nd2 {[%emt 0:00:03]} c5 {[%emt 0:00:11]} 4. Ngf3 {[%emt 0:00:05]}
cxd4 {[%emt 0:00:12]} 5. Nxd4 {[%emt 0:00:10]} Nc6 {[%emt 0:00:12]} 6. Bb5 {
[%emt 0:00:34]} Bd7 {[%emt 0:00:12]} 7. Nxc6 {[%emt 0:00:11]} bxc6 {[%emt 0:00:
07]} 8. Bd3 {[%emt 0:00:06]} Qc7 {[%emt 0:00:23]} 9. Qe2 {[%emt 0:00:44]} Bd6 {
[%emt 0:00:28]} 10. Nf3 {[%emt 0:00:48]} dxe4 {[%emt 0:00:30]} 11. Bxe4 {
[%emt 0:01:35]} Nf6 {[%emt 0:10:15]} 12. O-O {[%emt 0:11:48]} O-O {[%emt 0:04:
25]} 13. b3 {[%emt 0:07:51]} Nxe4 {[%emt 0:16:02]} 14. Qxe4 {[%emt 0:00:14]} c5
{[%emt 0:00:47]} 15. h3 {[%emt 0:16:55]} Bc6 {[%emt 0:00:35]} 16. Qe2 {[%emt 0:
03:09]} e5 {[%emt 0:16:18]} 17. Ng5 {[%emt 0:11:19]} Rae8 {[%emt 0:04:15]} 18.
Ne4 {[%emt 0:01:43]} Be7 {[%emt 0:04:56]} 19. Ba3 {[%emt 0:10:25]} Kh8 {
[%emt 0:07:19]} 20. f3 {[%emt 0:17:27]} f5 {[%emt 0:03:26]} 21. Nf2 {[%emt 0:
00:32]} e4 {[%emt 0:08:36]} 22. fxe4 {[%emt 0:00:18]} fxe4 {[%emt 0:01:22]} 23.
Ng4 {[%emt 0:03:35]} Qg3 {[%emt 0:03:03]} 24. Bb2 {[%emt 0:05:24]} Bd6 {
[%emt 0:05:44]} 25. Rxf8+ {[%emt 0:01:20]} Rxf8 {[%emt 0:00:11]} 26. Rf1 {
[%emt 0:00:11]} Rxf1+ {[%emt 0:07:36]} 27. Qxf1 {[%emt 0:00:05]} Qf4 {[%emt 0:
01:10]} 28. Qxf4 {[%emt 0:01:55]} Bxf4 {[%emt 0:00:01]} 29. Be5 {[%emt 0:01:16]
} Bc1 {[%emt 0:02:21]} 30. Kf2 {[%emt 0:00:41]} Kg8 {[%emt 0:00:40]} 31. Bd6 {
[%emt 0:00:55]} c4 {[%emt 0:01:08]} 32. bxc4 {[%emt 0:00:20]} h5 {[%emt 0:00:
26]} 33. Ne3 {[%emt 0:00:32]} Kf7 {[%emt 0:00:35]} 34. Bc5 {[%emt 0:00:31]}
Bxe3+ {[%emt 0:01:56]} 35. Kxe3 {[%emt 0:00:31]} a6 {[%emt 0:00:03]} 36. h4 {
[%emt 0:00:53]} Ke6 {[%emt 0:00:12]} 37. g3 {[%emt 0:00:59]} g6 {[%emt 0:01:36]
} 38. c3 {[%emt 0:01:00]} a5 {[%emt 0:00:51]} 39. Bf8 {[%emt 0:01:15]} a4 {
[%emt 0:00:21]} 40. Kd4 {[%emt 0:01:17]} Kd7 {[%emt 0:01:08]} 41. Bc5 {[%emt 0:
31:26]} 1/2-1/2

[Event "23rd ETCC Women 2021"]
[Site "Catez"]
[Date "2021.11.16"]
[Round "5.5"]
[White "Danielian, Elina"]
[Black "Dzagnidze, Nana"]
[Result "0-1"]
[WhiteElo "2450"]
[BlackElo "2524"]
[Annotator "ChessBase"]
[PlyCount "84"]
[EventDate "2021.11.08"]
[EventType "team-tourn"]
[EventCountry "SLO"]
[SourceTitle "playchess.com"]
[Source "ChessBase"]
[SourceQuality "1"]
[WhiteTeam "Armenia"]
[BlackTeam "Georgia"]
[WhiteTeamCountry "ARM"]
[BlackTeamCountry "GEO"]
[TimeControl "40/5400+30:1800+30"]

1. Nf3 {[%emt 0:00:03]} Nf6 {[%emt 0:00:09]} 2. g3 {[%emt 0:02:30]} g6 {
[%emt 0:00:29]} 3. Bg2 {[%emt 0:00:37]} Bg7 {[%emt 0:00:17]} 4. c4 {[%emt 0:00:
24]} O-O {[%emt 0:00:19]} 5. O-O {[%emt 0:00:20]} d6 {[%emt 0:03:42]} 6. d4 {
[%emt 0:00:40]} Nc6 {[%emt 0:00:10]} 7. Nc3 {[%emt 0:00:13]} e5 {[%emt 0:00:32]
} 8. d5 {[%emt 0:09:49]} Nb8 {[%emt 0:00:32]} 9. e4 {[%emt 0:00:05]} a5 {
[%emt 0:00:39]} 10. b3 {[%emt 0:08:17]} Na6 {[%emt 0:04:41]} 11. Rb1 {[%emt 0:
00:24]} c6 {[%emt 0:07:34]} 12. dxc6 {[%emt 0:21:08]} bxc6 {[%emt 0:00:19]} 13.
Ba3 {[%emt 0:00:03]} Nb4 {[%emt 0:06:29]} 14. Qd2 {[%emt 0:00:29]} Qe7 {
[%emt 0:06:42]} 15. Rbd1 {[%emt 0:05:15]} Rd8 {[%emt 0:00:55]} 16. h3 {[%emt 0:
00:21]} Ne8 {[%emt 0:16:00]} 17. Na4 {[%emt 0:13:26]} Rb8 {[%emt 0:01:10]} 18.
Bb2 {[%emt 0:02:32]} Nc7 {[%emt 0:18:05]} 19. Rfe1 {[%emt 0:05:25]} Be6 {
[%emt 0:04:15]} 20. a3 {[%emt 0:04:07]} Nba6 {[%emt 0:00:35]} 21. Qc2 {[%emt 0:
02:17]} f6 {[%emt 0:00:44]} 22. Bc3 {[%emt 0:07:52]} d5 {[%emt 0:00:04]} 23.
Bxa5 {[%emt 0:01:42]} dxc4 {[%emt 0:01:53]} 24. b4 {[%emt 0:00:32]} Rxd1 {
[%emt 0:04:57]} 25. Rxd1 {[%emt 0:00:03]} Nb5 {[%emt 0:02:03]} 26. Bf1 {
[%emt 0:03:36]} Bf8 {[%emt 0:06:28]} 27. Qc1 {[%emt 0:01:43]} Qf7 {[%emt 0:01:
13]} 28. Nb6 {[%emt 0:05:17]} c5 {[%emt 0:00:24]} 29. Nd5 {[%emt 0:03:38]} cxb4
{[%emt 0:03:12]} 30. Qxc4 {[%emt 0:00:39]} bxa3 {[%emt 0:00:53]} 31. Qc6 {
[%emt 0:00:35]} Nc5 {[%emt 0:09:26]} 32. Bxb5 {[%emt 0:00:50]} Nb3 {[%emt 0:00:
02]} 33. Bc3 {[%emt 0:01:06]} Rc8 {[%emt 0:00:07]} 34. Qa6 {[%emt 0:00:26]} Nc5
{[%emt 0:00:07]} 35. Qa5 {[%emt 0:00:38]} Nxe4 {[%emt 0:00:06]} 36. Ba6 {
[%emt 0:00:25]} Rc5 {[%emt 0:00:11]} 37. Qd8 {[%emt 0:00:42]} Rxd5 {[%emt 0:00:
27]} 38. Rxd5 {[%emt 0:00:18]} Bxd5 {[%emt 0:00:01]} 39. Ba1 {[%emt 0:00:30]}
Nxg3 {[%emt 0:01:46]} 40. Bxe5 {[%emt 0:00:58]} fxe5 {[%emt 0:01:03]} 41. Nxe5
{[%emt 0:30:06]} a2 {[%emt 0:31:10]} 42. Qa5 {[%emt 0:00:00]} Qe6 {[%emt 0:00:
00]} 0-1

[Event "23rd ETCC Women 2021"]
[Site "Catez"]
[Date "2021.11.16"]
[Round "5.6"]
[White "Arabidze, Meri"]
[Black "Mkrtchian, Lilit"]
[Result "0-1"]
[WhiteElo "2441"]
[BlackElo "2379"]
[Annotator "ChessBase"]
[PlyCount "129"]
[EventDate "2021.11.08"]
[EventType "team-tourn"]
[EventCountry "SLO"]
[SourceTitle "playchess.com"]
[Source "ChessBase"]
[SourceQuality "1"]
[WhiteTeam "Georgia"]
[BlackTeam "Armenia"]
[WhiteTeamCountry "GEO"]
[BlackTeamCountry "ARM"]
[TimeControl "40/5400+30:1800+30"]

1. d4 {[%emt 0:00:03]} Nf6 {[%emt 0:00:19]} 2. c4 {[%emt 0:00:10]} e6 {[%emt 0:
00:05]} 3. Nf3 {[%emt 0:00:15]} d5 {[%emt 0:00:25]} 4. g3 {[%emt 0:00:15]} Bb4+
{[%emt 0:00:48]} 5. Bd2 {[%emt 0:00:07]} Be7 {[%emt 0:00:05]} 6. Bg2 {[%emt 0:
00:07]} Nbd7 {[%emt 0:00:50]} 7. Qc2 {[%emt 0:00:53]} c6 {[%emt 0:00:16]} 8.
O-O {[%emt 0:00:26]} O-O {[%emt 0:00:08]} 9. Rd1 {[%emt 0:03:02]} b6 {[%emt 0:
00:17]} 10. b3 {[%emt 0:00:30]} a5 {[%emt 0:03:29]} 11. Bc3 {[%emt 0:09:25]}
Ne4 {[%emt 0:15:05]} 12. Bb2 {[%emt 0:01:57]} Bb7 {[%emt 0:00:10]} 13. Nc3 {
[%emt 0:01:46]} f5 {[%emt 0:00:38]} 14. e3 {[%emt 0:01:33]} Qe8 {[%emt 0:07:55]
} 15. Ne2 {[%emt 0:03:46]} g5 {[%emt 0:00:44]} 16. Ne5 {[%emt 0:03:35]} Nxe5 {
[%emt 0:18:03]} 17. dxe5 {[%emt 0:00:32]} Rc8 {[%emt 0:12:39]} 18. Bd4 {
[%emt 0:05:54]} b5 {[%emt 0:08:47]} 19. Bb2 {[%emt 0:08:29]} Rf7 {[%emt 0:05:
36]} 20. Rac1 {[%emt 0:09:18]} Bf8 {[%emt 0:00:44]} 21. Nd4 {[%emt 0:11:41]} b4
{[%emt 0:06:23]} 22. f3 {[%emt 0:11:20]} Nc5 {[%emt 0:00:15]} 23. Bf1 {[%emt 0:
00:20]} g4 {[%emt 0:05:54]} 24. cxd5 {[%emt 0:05:38]} cxd5 {[%emt 0:00:18]} 25.
Bb5 {[%emt 0:00:45]} Qd8 {[%emt 0:00:34]} 26. fxg4 {[%emt 0:06:59]} fxg4 {
[%emt 0:00:32]} 27. Qe2 {[%emt 0:00:24]} Qg5 {[%emt 0:00:44]} 28. Rf1 {[%emt 0:
03:09]} Rxf1+ {[%emt 0:02:05]} 29. Rxf1 {[%emt 0:00:00]} Bg7 {[%emt 0:00:42]}
30. Bc1 {[%emt 0:10:14]} Bxe5 {[%emt 0:03:39]} 31. Qf2 {[%emt 0:00:07]} Qg7 {
[%emt 0:00:13]} 32. Bb2 {[%emt 0:00:39]} Ne4 {[%emt 0:05:45]} 33. Qe2 {[%emt 0:
00:01]} Bxd4 {[%emt 0:01:01]} 34. exd4 {[%emt 0:01:51]} h5 {[%emt 0:00:19]} 35.
Bd3 {[%emt 0:00:38]} Ng5 {[%emt 0:00:11]} 36. Kg2 {[%emt 0:00:49]} e5 {[%emt 0:
02:00]} 37. Qxe5 {[%emt 0:00:34]} Qxe5 {[%emt 0:00:10]} 38. dxe5 {[%emt 0:00:
01]} d4+ {[%emt 0:00:05]} 39. Kf2 {[%emt 0:00:08]} Nf3 {[%emt 0:00:28]} 40.
Bc4+ {[%emt 0:01:11]} Kf8 {[%emt 0:01:29]} 41. Rd1 {[%emt 0:03:44]} Ba6 {
[%emt 0:06:50]} 42. Bxd4 {[%emt 0:08:27]} Bxc4 {[%emt 0:00:21]} 43. bxc4 {
[%emt 0:00:07]} Rxc4 {[%emt 0:00:08]} 44. Bb6 {[%emt 0:00:11]} Rc2+ {[%emt 0:
07:02]} 45. Ke3 {[%emt 0:00:01]} Nxe5 {[%emt 0:00:21]} 46. Ke4 {[%emt 0:02:20]}
Re2+ {[%emt 0:01:46]} 47. Kd5 {[%emt 0:06:01]} Nf3 {[%emt 0:04:11]} 48. Ra1 {
[%emt 0:02:25]} Kf7 {[%emt 0:02:32]} 49. Kc4 {[%emt 0:00:11]} Re5 {[%emt 0:10:
56]} 50. Bc7 {[%emt 0:05:04]} Rf5 {[%emt 0:00:14]} 51. Kb3 {[%emt 0:02:25]}
Nxh2 {[%emt 0:00:41]} 52. Ka4 {[%emt 0:00:40]} Nf1 {[%emt 0:00:25]} 53. Bxa5 {
[%emt 0:05:02]} Nxg3 {[%emt 0:00:03]} 54. Kxb4 {[%emt 0:00:06]} Ne4 {[%emt 0:
01:09]} 55. a4 {[%emt 0:00:40]} g3 {[%emt 0:00:23]} 56. Bb6 {[%emt 0:00:10]}
Nd6 {[%emt 0:00:50]} 57. a5 {[%emt 0:02:05]} h4 {[%emt 0:00:26]} 58. a6 {
[%emt 0:00:30]} Rb5+ {[%emt 0:00:44]} 59. Kc3 {[%emt 0:00:01]} Rxb6 {[%emt 0:
00:11]} 60. a7 {[%emt 0:00:41]} Nb5+ {[%emt 0:00:34]} 61. Kd3 {[%emt 0:00:10]}
Nxa7 {[%emt 0:00:05]} 62. Rxa7+ {[%emt 0:00:03]} Kg6 {[%emt 0:00:10]} 63. Ke4 {
[%emt 0:01:11]} g2 {[%emt 0:01:14]} 64. Ra1 {[%emt 0:00:40]} Rf6 {[%emt 0:00:
11]} 65. Kd4 {[%emt 0:01:03]} 0-1